| 000 | 00692cam a2200241 a 4500 | ||
|---|---|---|---|
| 999 |
_c7270 _d7270 |
||
| 001 | 606 | ||
| 003 | BD-DhUAP | ||
| 005 | 20210118143152.0 | ||
| 008 | 210118s1987 ii a 001 0 eng | ||
| 010 | _a 87062164 | ||
| 040 |
_aDLC _cDLC _dBD-DhUAP _beng |
||
| 082 | 0 | 0 |
_a005.133 SWA _223 |
| 100 | 1 | _aSwan, Tom. | |
| 245 | 1 | 0 |
_aMastering Turbo Pascal / _cTom Swan. |
| 250 | _aFirst Indian edition. | ||
| 260 |
_aNew Delhi : _bBPB, _cc1987. |
||
| 300 |
_a450 pages : _billustrations ; _c25 cm. |
||
| 500 | _aIncludes index. | ||
| 630 | 0 | 0 | _aTurbo Pascal (Computer file) |
| 650 | 0 | _aPascal (Computer program language). | |
| 650 | 0 | _aFile organization (Computer science). | |
| 942 |
_2ddc _cBK |
||